| 000 | 00756 a2200181 4500 | ||
|---|---|---|---|
| 020 | _a0387952101 | ||
| 020 | _a9780387952109 | ||
| 082 | 0 | 4 | _a530 |
| 090 |
_c222 _d222 |
||
| 100 | 1 | _aMould, Richard A. | |
| 245 | 1 | 0 |
_aBasic relativity / _cRichard A. Mould. |
| 260 |
_a[S.l.] : _bSpringer, _c2001. |
||
| 300 |
_a472 p. ; _c24 cm. |
||
| 942 |
_aSNS _cBK _k530.11 MOU |
||
| 999 |
_c28859 _d28859 |
||